Simple probability model of the advertisement penetration

Salvato in:
Dettagli Bibliografici
Autore principale: Horáková, Galina
Altri autori: Kozubík, Aleš
Natura: Capitolo di libro
Lingua:inglese
Tags: Aggiungi Tag
Nessun Tag, puoi essere il primo ad aggiungerne!!

MARC

LEADER 00000naa a2200000 4500
001 0124513
005 20240502072417.3
041 0 |a eng 
044 |a SK 
245 1 0 |a Simple probability model of the advertisement penetration  |c Galina Horáková, Aleš Kozubík 
100 1 |a Horáková, Galina 
700 1 |a Kozubík, Aleš